000 00497nam a22002057a 4500
001 21547
005 20260312102312.0
008 260312b |||||||| |||| 00| 0 spa d
041 _aESP
082 _a621.3
_bF41T
100 _aFernández Moreno, José
245 _aTeoría de circuitos: teoría y problemas resueltos
260 _a :
_b ,
300 _axxii, 591 páginas :
_b ;
_c17 cm.
440 _a ;
650 _aTCA
654 _aCET
700 _a;
942 _cLIB
_dJUS
_fJUS
_2ddc
999 _c21547
_d21547